Statistics for Sabaton songs by lyrics

Click here to take the quiz!

General Stats

  • This quiz has been taken 51 times
  • The average score is 7 of 15

Answer Stats

HintAnswer% Correct
Strike at zero hour, with overwhelming firepowerStormtroopers
81%
Voices from underground, whispers of freedomUprising
78%
He was made to rule the waves across the sevven seasBismarck
73%
Imperial force defied, facing 500 samuraiShiroyama
65%
And it's the end of the line of the final journeyThe Last Battle
59%
Forged in Valhalla by the hammer of Thor, out from Asgard, our viking ship sailsSwedish Pagans
57%
Leavin' a trail of destruction through a foreign landGhost Division
43%
Locked in a cell, waging war from the prisonInmate 4859
43%
Wicked propaganda, turning neighbors into foesThe Final Solution
41%
The spirit of resistance and the madness of the warFields of Verdun
38%
Swedish soldiers met their bane ... Sacrificed their lives in vain ...Poltava
38%
Disregard the losses, the eagle's land is ours to takeAttero Dominatus
35%
Riding on this crazy train I'm going paranoidMetal Machine
30%
Open your heart and you will find a way, paradise calling and enter you may7734
16%
Insect of terror don't run face your fate like a man cannot outrun our..Panzer Batallion
14%

Score Distribution

Percentile by Number Answered

Percent of People with Each Score

Your Score History

You have not taken this quiz